[Event "EU-ch Online U2300 Qual"]
[Site "Chess.com INT"]
[Date "2020.05.25"]
[Round "7"]
[White "Buksa, Nataliya"]
[Black "Golubenko, Valeri"]
[Result "1-0"]
[WhiteElo "2410"]
[BlackElo "2211"]
[PlyCount "81"]
[EventDate "2020.05.25"]
[EventType "swiss"]
[EventRounds "8"]
[EventCountry "NET"]
[SourceTitle "EXT 2021"]
[Source "ChessBase"]
[SourceDate "2020.10.23"]
[SourceVersion "1"]
[SourceVersionDate "2020.10.23"]
[SourceQuality "1"]

1. d4 g6 2. Nc3 Bg7 3. e4 d6 4. f4 Nf6 5. Nf3 0-0 6. Bd3 c5 7. d5 Na6 8. 0-0 Nc7 9. Qe1 e6 10. dxe6 Nxe6 11. Qh4 Nh5 12. Qxd8 Rxd8 13. Nd5 Bd7 14. g4 Nf6 15. Nxf6+ Bxf6 16. g5 Bg7 17. f5 Nd4 18. f6 Bf8 19. Nxd4 cxd4 20. Bf4 Bc6 21. Kf2 d5 22. e5 Bd7 23. Kg3 Be6 24. h4 Rac8 25. h5 Bf5 26. Rf2 Bxd3 27. cxd3 Rc6 28. Rh1 Rd7 29. Re2 Re6 30. Rc1 Rc6 31. Rh1 Re6 32. hxg6 fxg6 33. Rc2 h5 34. gxh6 Kh7 35. Kg4 Bb4 36. Rc8 Ba5 37. Rhc1 Rd8 38. Rxd8 Bxd8 39. Rc8 Ba5 40. Rb8 Rb6 41. f7 1-0

[Event "EU-ch Online U2300 Qual"]
[Site "Chess.com INT"]
[Date "2020.05.25"]
[Round "4"]
[White "Golubenko, Valeri"]
[Black "Godzwon, Iwo"]
[Result "0-1"]
[WhiteElo "2211"]
[BlackElo "2347"]
[PlyCount "108"]
[EventDate "2020.05.25"]
[EventType "swiss"]
[EventRounds "8"]
[EventCountry "NET"]
[SourceTitle "EXT 2021"]
[Source "ChessBase"]
[SourceDate "2020.10.23"]
[SourceVersion "1"]
[SourceVersionDate "2020.10.23"]
[SourceQuality "1"]

1. d4 Nf6 2. Bg5 e6 3. Nd2 d5 4. e3 h6 5. Bh4 c5 6. c3 Nc6 7. f4 cxd4 8. exd4 Bd6 9. Qf3 Ne7 10. Nh3 Nf5 11. Bf2 h5 12. Bd3 g6 13. 0-0-0 Bd7 14. Ng5 Ng4 15. Rde1 Be7 16. h3 Nxf2 17. Qxf2 Bxg5 18. Bxf5 gxf5 19. fxg5 Qxg5 20. g4 fxg4 21. hxg4 h4 22. Re5 Qe7 23. g5 0-0-0 24. Rxh4 Bb5 25. Rxh8 Rxh8 26. Kc2 Rh3 27. Qg2 Bd3+ 28. Kc1 Rh8 29. Re3 Bf5 30. Re1 Rg8 31. Qxd5 Rxg5 32. Qe5 Bg6 33. Qe3 Rg2 34. Re2 Qg5 35. Qxg5 Rxg5 36. Nf3 Rg3 37. Ne5 Rg1+ 38. Kd2 Kd8 39. a4 Ke7 40. Nxg6+ Rxg6 41. c4 Rg3 42. Re3 Rxe3 43. Kxe3 a5 44. Kf4 f6 45. c5 Kd7 46. Ke3 Kc6 47. Ke4 b6 48. cxb6 Kxb6 49. Ke3 Kc6 50. Ke4 Kd6 51. b3 Kc6 52. Kd3 Kd5 53. Ke3 f5 54. Kd3 f4 0-1

[Event "EU-ch Online U2300 Qual"]
[Site "Chess.com INT"]
[Date "2020.05.25"]
[Round "3"]
[White "Golubenko, Valeri"]
[Black "Grutter, Tim"]
[Result "1-0"]
[WhiteElo "2211"]
[BlackElo "2253"]
[PlyCount "117"]
[EventDate "2020.05.25"]
[EventType "swiss"]
[EventRounds "8"]
[EventCountry "NET"]
[SourceTitle "EXT 2021"]
[Source "ChessBase"]
[SourceDate "2020.10.23"]
[SourceVersion "1"]
[SourceVersionDate "2020.10.23"]
[SourceQuality "1"]

1. d4 Nf6 2. Bg5 c5 3. Nc3 cxd4 4. Qxd4 Nc6 5. Qh4 e6 6. e4 Be7 7. f4 0-0 8. e5 Nd5 9. Bd3 h6 10. Nxd5 Bxg5 11. fxg5 exd5 12. Nf3 d6 13. exd6 Qxd6 14. 0-0-0 Nb4 15. gxh6 Qxh6+ 16. Qxh6 gxh6 17. c3 Nc6 18. Bc2 Be6 19. Rhe1 Rad8 20. Rd2 Rfe8 21. Bb3 Re7 22. h3 Red7 23. Nd4 Rd6 24. g4 h5 25. Nxe6 fxe6 26. gxh5 R8d7 27. Rg2+ Rg7 28. Reg1 Rxg2 29. Rxg2+ Kh7 30. Bc2+ Kh6 31. Rg6+ Kxh5 32. Rg7 b6 33. Rh7+ Kg5 34. h4+ Kg4 35. h5 e5 36. Bd1+ Kg5 37. b4 e4 38. b5 Ne5 39. Rxa7 Rf6 40. Rb7 Nd3+ 41. Kd2 Nc5 42. Rg7+ Kh6 43. Rc7 Rf2+ 44. Ke3 Rxa2 45. Rc6+ Kg5 46. Rg6+ Kf5 47. Rxb6 Nd3 48. h6 Rh2 49. Kd4 Nf4 50. Rd6 Rd2+ 51. Kc5 Rxd1 52. b6 Rh1 53. b7 Nd3+ 54. Kxd5 Nf4+ 55. Kc6 Rb1 56. h7 Ng6 57. Rxg6 Kxg6 58. h8Q Kf5 59. Qh7+ 1-0

[Event "SWE-chT 1415 Superettan"]
[Site "Sweden"]
[Date "2015.03.21"]
[Round "8"]
[White "Malmstig, Erik"]
[Black "Golubenko, Valeri"]
[Result "1-0"]
[WhiteElo "2257"]
[BlackElo "2225"]
[PlyCount "57"]
[EventDate "2014.11.21"]
[EventType "team-tourn"]
[EventRounds "9"]
[EventCountry "SWE"]
[SourceTitle "EXT 2018"]
[Source "ChessBase"]
[SourceDate "2017.10.13"]
[SourceVersion "1"]
[SourceVersionDate "2017.10.13"]
[SourceQuality "1"]
[WhiteTeam "Umea Rockaden"]
[BlackTeam "Limhamn II"]
[WhiteTeamCountry "SWE"]
[BlackTeamCountry "SWE"]

1. d4 c5 2. d5 Nf6 3. c4 e6 4. Nc3 exd5 5. cxd5 d6 6. e4 g6 7. Bd3 Bg7 8. Nf3 0-0 9. h3 Re8 10. 0-0 Na6 11. Re1 Nc7 12. a4 b6 13. Bf4 a6 14. Qb3 Nh5 15. Bg5 Bf6 16. Bxf6 Qxf6 17. Qxb6 Bxh3 18. e5 Qf4 19. Re4 Qh6 20. Rh4 Bxg2 21. Kxg2 Nf4+ 22. Kg3 Nfxd5 23. Nxd5 Nxd5 24. Qxd6 Qg7 25. Qxd5 Rad8 26. Qe4 Rb8 27. Bxa6 Rxb2 28. Bc4 Rb4 29. Rf4 1-0

[Event "EU-ch Internet qual"]
[Site "Playchess.com INT"]
[Date "2003.11.08"]
[Round "5"]
[White "Bocharov, Dmitry"]
[Black "Golubenko, Valeri"]
[Result "1/2-1/2"]
[WhiteElo "2526"]
[BlackElo "2257"]
[PlyCount "56"]
[EventDate "2003.11.08"]
[EventType "swiss (blitz)"]
[EventRounds "15"]
[EventCountry "GER"]
[SourceTitle "EXT 2004"]
[Source "ChessBase"]
[SourceDate "2003.11.25"]
[SourceVersion "1"]
[SourceVersionDate "2003.11.25"]
[SourceQuality "1"]

1. d4 f5 2. g3 g6 3. Bg2 Bg7 4. Nf3 Nf6 5. 0-0 0-0 6. c4 d6 7. Nc3 Qe8 8. Re1 e5 9. e4 Nc6 10. dxe5 dxe5 11. Nd5 Qf7 12. exf5 Bxf5 13. Nxe5 Nxe5 14. Rxe5 Rad8 15. Bg5 h6 16. Bxf6 Bxf6 17. Nxf6+ Qxf6 18. Rd5 c6 19. Rxd8 Rxd8 20. Qb3 Qd4 21. Qxb7 Qd1+ 22. Rxd1 Rxd1+ 23. Bf1 Bh3 24. Qb8+ Kf7 25. Qc7+ Kf8 26. Qb8+ Kf7 27. Qc7+ Kg8 28. Qb8+ Kf7 1/2-1/2

[Event "EU-ch Internet qual"]
[Site "Playchess.com INT"]
[Date "2003.11.08"]
[Round "14"]
[White "Schoeneberg, Manfred"]
[Black "Golubenko, Valeri"]
[Result "0-1"]
[WhiteElo "2334"]
[BlackElo "2257"]
[PlyCount "114"]
[EventDate "2003.11.08"]
[EventType "swiss (blitz)"]
[EventRounds "15"]
[EventCountry "GER"]
[SourceTitle "EXT 2004"]
[Source "ChessBase"]
[SourceDate "2003.11.25"]
[SourceVersion "1"]
[SourceVersionDate "2003.11.25"]
[SourceQuality "1"]

1. e4 c5 2. Nf3 Nc6 3. Bb5 g6 4. 0-0 Bg7 5. c3 a6 6. Bxc6 dxc6 7. d4 cxd4 8. cxd4 Bg4 9. d5 Nf6 10. Nc3 0-0 11. h3 Bxf3 12. Qxf3 cxd5 13. exd5 Qa5 14. Bg5 Rfd8 15. Bxf6 Bxf6 16. Rfd1 Rac8 17. Ne4 Bg7 18. Ng5 Rf8 19. Qb3 h6 20. Ne4 Qb5 21. Qxb5 axb5 22. d6 exd6 23. Nxd6 Rc2 24. Nxb5 Rxb2 25. Rab1 Rxa2 26. Nd6 Rd8 27. Nxb7 Rc8 28. Rd8+ Rxd8 29. Nxd8 Bd4 30. Rf1 Ra6 31. Kh1 Kf8 32. Rd1 Bxf2 33. Rf1 Ra2 34. g4 f6 35. Ne6+ Ke7 36. Nf4 Kf7 37. Nd5 Bd4 38. h4 Ra5 39. Nf4 Be5 40. h5 gxh5 41. Nxh5 Ra4 42. Rg1 Kg6 43. Ng3 Rxg4 44. Ne2 h5 45. Rg2 Kf5 46. Rxg4 hxg4 47. Kg2 Ke4 48. Nc1 f5 49. Nb3 f4 50. Nc5+ Kd5 51. Nd3 f3+ 52. Kf1 Ke4 53. Nf2+ Kf5 54. Nd3 Bd4 55. Ne1 Ke4 56. Nc2 g3 57. Ne1 Be3 0-1